01229nam a2200241Ia 4500001000600000003000900006008004100015040001300056040001300069041001300082100002100095100002900116245002500145245001700170250001100187260001600198260001000214260004900224300005700273500059900330650002700929650003100956G2507IT-RoPAU130308s9999 xx 000 0 und d aIT-RoPAU cIT-RoPAU aFRANCESE aMarechaux Pierre gCodice Aut. SPICS: 54241 aTheatre antique (Le) bTheatre (Le) a1a ed. aROSNY CEDEX bBreal c1996 [1° Ed.:1996 - Ed.Ling.Originale:1996] a"58 p. (prefazione: no ; testo: 58 [pagine: 11-68])" aTeatro Antico. tavola Cronologica degli Avvenimenti Politici, Teatro Grecoe Teatro Latino. Grecia e suo Teatro: Istituzioni, Protocolli e Repertori:Nascita e Vita del Teatro Greco, Tecniche Teatrali, Autori Tragici (Eschilo, Sofocle, Euripide), Autori comici (Aristofane e Menandro), Autori Minori. Teatro a Roma: Mentalità€, Tecniche Sceniche e Statuto dell'attore a Roma, fondatori del Teatro Latino, Tragedie di Seneca. Documento Commentato: Lamorte di Penthee Dalle Baccanti di Euripide. Dissertazioni Proposte: Spazio nel Teatro di Sofocle, favola e drammaturgia nell'opera di Aristofane. aENCICLOPEDIE DI TEATRO eCodice materia Spics: 8401